LEADER 01801nam a2200361 i 4500 001 000000178408 003 CaOOAMICUS 005 20090320000000.0 008 090320s2006 it u000 u ita u 013 $a155980 020 $a88-308-0848-2 020 $a978-88-308-0848-5 040 $aSeMil$bita 100 1 $aMurphy-O'Connor, Jérôme,$c.$0(OLS)http://semarc/name/17173 240 10$aIn dialogo con Jerome Murphy-O'Connor.$0(OLS)http://semarc/title/408986 240 10$aPaolo imita Gesù nella promozione della donna.$0(OLS)http://semarc/title/408987 240 10$aPaul on women.$0(OLS)http://semarc/title/256237 245 10$aPaolo e le donne /$cJérôme Murphy-O'Connor, Cettina Militello, Maria Luisa Rigato. 260 $aAssisi :$bCittadella,$c2006. 300 $a185 p. ;$c20 cm. 490 0 $aOrizzonti biblici 500 $aContiene: Paolo e le donne, di Jerome Murphy-O'Connor; In dialogo con Jerome Murphy-O'Connor, di Cettina Militello; Paolo imita Gesù nella promozione della donna, di Maria Luisa Rigato. 650 4$aPaolo - Concezione della donna.$0(OLS)http://semarc/subject/34037 700 1 $aRigato, Maria Luisa <1934- >.$0(OLS)http://semarc/name/47376 700 1 $aMilitello, Cettina,$d<1945- >.$0(OLS)http://semarc/name/4199 830 0$aOrizzonti biblici.$0(OLS)http://semarc/title/422986 850 $aSeMil 852 $aSeMil$W1$xVenegono$y1$m2V I 304$j129185$B129185$CSeMilBibl$Z2$F140662 $81 961 $aAcquisto: DEA 996 $6020$a88-308-0848-2$9(OLS)http://semarc/number/167399 996 $6020$a978-88-308-0848-5$9(OLS)http://semarc/number/167400 996 $6245$aPaolo e le donne$9(OLS)http://semarc/title/256236 996 $6260$aAssisi :$bCittadella$9(OLS)http://semarc/publisher/29661 LEADER 01162nam a2200277 i 4500 001 000000076850 003 CaOOAMICUS 005 20020314000000.0 008 020314s1997 it u000 u lat u 013 $a48022 020 $a0-19-726127-2 040 $aSeMil$bita 240 00$aOpera politica.$0(OLS)http://semarc/title/124648 245 10$a[Volumen] 4 /$cedited by H. S. Offler. 260 $aOxford :$bOxford University Press,$c1997. 300 $aXVIII, 486 p. 490 0 $aAuctores britannici medii aevi ;$v14. 700 1 $aOffler, Hilary Seton <1913- >.$0(OLS)http://semarc/name/13261 773 0 $aGuillelmus : de Occam $tOpera politica.$dMancunii : Typis Universitas, [1963?]$w()29055 830 0$aAuctores britannici medii aevi ;$v14.$0(OLS)http://semarc/title/9400 850 $aSeMil 852 $aSeMil$W1$xVenegono$y1$m2N I 80$j43002$B43002$CSeMilBibl$Z2$F71300 $81 961 $aAcquisto: DEA 996 $6020$a0-19-726127-2$9(OLS)http://semarc/number/58057 996 $6245$a[Volumen] 4$9(OLS)http://semarc/title/124649 996 $6260$aOxford :$bOxford University Press$9(OLS)http://semarc/publisher/35475